000
00327nam a2200157Ia 4500
100
_a
Thampi/G.T
650
_a
Java
942
_c
BK
366
_f
25
245
_a
Object Oriented programming in Java
260
_b
Dream tech
_c
2012
082
_a
5.133
_b
THA
300
_a
568
546
_a
ENGLISH
_c
Computers
999
_c
34254
_d
34254